000 00355nam a2200145Ia 4500
008 230718s9999 xx 000 0 und d
041 _aeng
082 _a005.13'3
_bNAU
100 _aNaughton P.
245 _aJava Handbook
260 _bTata Mc-graw Hill Pub.
365 _cRs.
_b325.00
700 _aNaughton P.
906 _dB:341526-Mar-2007
_cIT
_b65
999 _c316787
_d316787